Tumors and Tumor-Like Lesions of the Hepatobiliary Tract (Запис № 449299)

МАРК-запис
000 -LEADER
fixed length control field 03744nam a22005655i 4500
001 - CONTROL NUMBER
control field 978-3-319-26956-6
003 - CONTROL NUMBER IDENTIFIER
control field DE-He213
005 - DATE AND TIME OF LATEST TRANSACTION
control field 20210118135446.0
007 - PHYSICAL DESCRIPTION FIXED FIELD--GENERAL INFORMATION
fixed length control field cr nn 008mamaa
008 - FIXED-LENGTH DATA ELEMENTS--GENERAL INFORMATION
fixed length control field 161019s2017 gw | s |||| 0|eng d
020 ## - INTERNATIONAL STANDARD BOOK NUMBER
International Standard Book Number 9783319269566
-- 978-3-319-26956-6
024 7# - OTHER STANDARD IDENTIFIER
Standard number or code 10.1007/978-3-319-26956-6
Source of number or code doi
050 #4 - LIBRARY OF CONGRESS CALL NUMBER
Classification number RB1-214
072 #7 - SUBJECT CATEGORY CODE
Subject category code MMF
Source bicssc
072 #7 - SUBJECT CATEGORY CODE
Subject category code MED067000
Source bisacsh
072 #7 - SUBJECT CATEGORY CODE
Subject category code MKF
Source thema
082 04 - DEWEY DECIMAL CLASSIFICATION NUMBER
Classification number 616.07
Edition number 23
100 1# - MAIN ENTRY--PERSONAL NAME
Personal name Zimmermann, Arthur.
Relator term author.
Relator code aut
-- http://id.loc.gov/vocabulary/relators/aut
245 10 - TITLE STATEMENT
Title Tumors and Tumor-Like Lesions of the Hepatobiliary Tract
Medium [electronic resource] :
Remainder of title General and Surgical Pathology /
Statement of responsibility, etc by Arthur Zimmermann.
250 ## - EDITION STATEMENT
Edition statement 1st ed. 2017.
264 #1 -
-- Cham :
-- Springer International Publishing :
-- Imprint: Springer,
-- 2017.
300 ## - PHYSICAL DESCRIPTION
Extent 880 illus., 879 illus. in color. eReference.
Other physical details online resource.
336 ## -
-- text
-- txt
-- rdacontent
337 ## -
-- computer
-- c
-- rdamedia
338 ## -
-- online resource
-- cr
-- rdacarrier
347 ## -
-- text file
-- PDF
-- rda
520 ## - SUMMARY, ETC.
Summary, etc This book covers all liver tumors and lesions that clinically and radiologically mimic liver tumors. It provides readers with a comprehensive overview of this complex and rapidly evolving field. All aspects of surgical pathology are addressed, supplemented by detailed presentations of the lesions’ cell-biologic and molecular features. In addition, the methods employed for diagnosis and diagnostic algorithms are discussed. It appeals to pathologists and hepatologists and serves as an invaluable aid to diagnosis. The field of liver tumors and tumor-like lesions in adults and children has experienced tremendous advances in recent years. Specifically, the recognition of novel entities, deepened insights into known tumors, and refinement of classifications have necessitated continual updates and reappraisals. In addition, previous understanding of hepatic carcinogenesis and tumor progression has been transformed by the very rapid evolution of our understanding of cell biology, genomics, signaling pathways, cell interactions, and mechanisms of invasion and spread of hepatic tumor cells. These general pathology issues must be combined with surgical pathology if a comprehensive understanding of liver tumor pathology is to be achieved.
506 ## - RESTRICTIONS ON ACCESS NOTE
Terms governing access Available to subscribing member institutions only. Доступно лише організаціям членам підписки.
506 ## - RESTRICTIONS ON ACCESS NOTE
Standardized terminology for access restriction Online access from local network of NaUOA.
506 ## - RESTRICTIONS ON ACCESS NOTE
Standardized terminology for access restriction Online access with authorization at https://link.springer.com/
506 ## - RESTRICTIONS ON ACCESS NOTE
Standardized terminology for access restriction Онлайн-доступ з локальної мережі НаУОА.
506 ## - RESTRICTIONS ON ACCESS NOTE
Standardized terminology for access restriction Онлайн доступ з авторизацією на https://link.springer.com/
650 #0 - SUBJECT ADDED ENTRY--TOPICAL TERM
Topical term or geographic name as entry element Pathology.
650 #0 - SUBJECT ADDED ENTRY--TOPICAL TERM
Topical term or geographic name as entry element Oncology  .
650 #0 - SUBJECT ADDED ENTRY--TOPICAL TERM
Topical term or geographic name as entry element Hepatology.
650 #0 - SUBJECT ADDED ENTRY--TOPICAL TERM
Topical term or geographic name as entry element Surgery.
650 14 - SUBJECT ADDED ENTRY--TOPICAL TERM
Topical term or geographic name as entry element Pathology.
-- http://scigraph.springernature.com/things/product-market-codes/H4800X
650 24 - SUBJECT ADDED ENTRY--TOPICAL TERM
Topical term or geographic name as entry element Oncology.
-- http://scigraph.springernature.com/things/product-market-codes/H33160
650 24 - SUBJECT ADDED ENTRY--TOPICAL TERM
Topical term or geographic name as entry element Hepatology.
-- http://scigraph.springernature.com/things/product-market-codes/H33088
650 24 - SUBJECT ADDED ENTRY--TOPICAL TERM
Topical term or geographic name as entry element Surgery.
-- http://scigraph.springernature.com/things/product-market-codes/H59001
710 2# - ADDED ENTRY--CORPORATE NAME
Corporate name or jurisdiction name as entry element SpringerLink (Online service)
773 0# - HOST ITEM ENTRY
Title Springer Nature eReference
776 08 - ADDITIONAL PHYSICAL FORM ENTRY
Display text Printed edition:
International Standard Book Number 9783319269542
776 08 - ADDITIONAL PHYSICAL FORM ENTRY
Display text Printed edition:
International Standard Book Number 9783319269559
856 40 - ELECTRONIC LOCATION AND ACCESS
Uniform Resource Identifier <a href="https://doi.org/10.1007/978-3-319-26956-6">https://doi.org/10.1007/978-3-319-26956-6</a>
912 ## -
-- ZDB-2-SME
942 ## - ADDED ENTRY ELEMENTS (KOHA)
Koha item type ЕКнига

Немає доступних примірників.